Départements Limitrophes de La Haute-Loire - Statistiques

Statistiques générales
  • Ce quiz a été pris 70 fois
  • Le résultat moyen est 5 sur 5
Statistiques - réponses
Départements % Correct
Ardèche
100%
Loire
98%
Puy-de-Dôme
97%
Cantal
95%
Lozère
94%
Aucun quiz correspondant
Distribution des résultats
% des personnes avec chaque résultat
Percentile par nombre de réponses
Votre historique - résultats
Vous n’avez pas pris ce quiz